[Event "2nd Mix Bassano 2021"]
[Site "Bassano del Grappa"]
[Date "2021.03.24"]
[Round "2.9"]
[White "Di Benedetto, Edoardo"]
[Black "Solomon, Kenny"]
[Result "1-0"]
[WhiteElo "2400"]
[BlackElo "2357"]
[Annotator "TA"]
[PlyCount "127"]
[EventDate "2021.03.24"]
[EventType "swiss"]
[EventCountry "ITA"]
[SourceTitle "playchess.com"]
[Source "ChessBase"]
[SourceQuality "1"]

{[%evp 15,127,0,-3,-11,-4,-14,0,-36,-35,-42,-26,-23,-3,-65,-68,-70,-70,-70,-70,-70,-71,-79,-69,-68,-69,-66,-60,-63,0,0,16,29,25,0,0,0,23,5,23,23,56,57,69,65,70,56,52,51,136,143,188,166,241,200,195,181,243,233,229,227,328,327,464,410,558,493,565,550,544,536,521,471,472,423,489,472,427,439,1146,328,321,321,321,321,411,321,321,321,321,321,321,320,312,310,299,281,300,245,811,807,807,774,785,743,1449,1262,1718,1606,1689,1582,1564,1378,29996,29992]} 1. d4 Nf6 2. c4 e6 3. Nc3 Bb4 4. e3 O-O 5. Bd3 d5 6. cxd5 exd5 7. Nge2 Re8 8. O-O Bd6 9. Nf4 {E48: Nimzo-Indian: Rubinstein: 5 Bd3 d5 including 6 Ne2, but excluding 6 a3.} c6 10. f3 b6 11. g4 {[#] The position is equal.} Bb7 $146 ({Predecessor:} 11... Bxf4 12. exf4 Ba6 13. f5 Bxd3 14. Qxd3 Qd6 15. Ne2 c5 16. Bf4 Qe7 17. Nc3 Nc6 {1-0 (62) Di Benedetto,E (2386)-Solomon,K (2364) Villorba 2021}) 12. Kh1 Na6 {[%cal Bb8a6,Ba6b4,Bb4c6][%mdl 32]} 13. g5 Nd7 14. Rg1 (14. Nh3 $11) 14... Nb4 $15 15. Bb1 Bxf4 16. exf4 c5 $1 17. a3 Nc6 18. dxc5 Nxc5 {Threatens to win with ...d4.} ({Much weaker is} 18... d4 19. Qc2 $15) 19. b4 $1 {[%cal Rb4c5] [#]} ({Not} 19. Nxd5 $2 Nd4 $1 $19) 19... d4 $1 20. Ne4 Nxe4 21. Bxe4 {[#]} Qd7 (21... Rxe4 $1 $15 22. fxe4 d3) 22. Qd3 $11 g6 23. Bb2 $36 {[%mdl 2048] White has the initiative.} Rad8 24. Rgd1 Qh3 25. Kg1 Rd6 26. Rac1 Qd7 27. Rc4 b5 28. Bxc6 Bxc6 29. Rxd4 Rxd4 30. Qxd4 Qxd4+ 31. Rxd4 $14 {[%mdl 4096] Endgame KRB-KRB} f5 {[#] White stays focused until the end.} (31... Bxf3 $14 32. Rd7 Ra8) 32. gxf6 $1 $16 Kf7 33. Kf2 Re6 (33... Rc8 $142 34. Rd6 Rc7) 34. Rd8 Re8 35. Rd3 Re6 (35... Rb8 {is a better defense.} 36. Rd6 Be8) 36. h4 Re8 37. Be5 Re6 (37... h6 $142 38. Rd1 Rh8) 38. Rc3 $18 h6 (38... a6 $142 39. Kg3 Kf8) 39. Rc5 h5 40. Ke3 a6 41. Rc1 Ke8 42. Rc2 Kf7 43. Rc3 Ke8 44. Kd4 Kf7 45. f5 gxf5 46. f4 Kf8 {[#]} (46... Ke8 $142 47. Rg3 Kf8) 47. Rg3 $2 (47. Bd6+ $1 {[%mdl 512]} Rxd6+ 48. Ke5 Rd5+ 49. Ke6) 47... Be8 48. Kd5 Bf7 {If Black can now play ...Rxf6+ this consolidates a bit.} 49. Kc5 Be8 50. Rg7 {White threatens Bd6+ and mate.} Bf7 51. Rg5 Ke8 52. Rxf5 Kd7 53. Rg5 Rc6+ 54. Kd4 Rc4+ 55. Ke3 Rc2 56. Bd4 Rh2 $2 (56... Rc1 57. Kd2 Rc8) 57. Re5 Rh3+ 58. Kf2 Kc6 59. Re7 Bd5 60. Be5 Rxh4 61. Rc7+ Kb6 62. f7 Rh2+ 63. Ke3 Be4 64. Kxe4 {Weighted Error Value: White=0.18/Black=0.24} 1-0

[Event "2nd Mix Bassano 2021"]
[Site "Bassano del Grappa"]
[Date "2021.03.24"]
[Round "2.10"]
[White "Hapala, Elisabeth"]
[Black "Kuhn, Clement"]
[Result "0-1"]
[WhiteElo "2116"]
[BlackElo "2278"]
[Annotator "TA"]
[PlyCount "100"]
[EventDate "2021.03.24"]
[EventType "swiss"]
[EventCountry "ITA"]
[SourceTitle "playchess.com"]
[Source "ChessBase"]
[SourceQuality "1"]

{[%evp 12,100,19,9,75,48,76,46,57,54,54,57,33,0,30,2,37,-14,0,0,0,-20,23,0,0,-15,-7,-31,-35,-41,-17,-160,-154,-147,47,-146,-169,-160,-116,-219,-212,-210,-181,-366,-316,-562,-434,-569,-604,-604,-604,-604,-604,-604,-604,-616,-603,-1203,-1203,-1203,-1203,-1203,-1203,-1203,-1203,-1203,-1203,-1203,-1203,-1203,-1203,-1203,-1203,-1203,-1203,-1203,-1196,-1189,-1181,-1181,-1167,-1152,-1152,-1145,-1145,-1139,-1120,-1098,-712,-595,-464]} 1. e4 c5 2. Nf3 d6 3. d4 cxd4 4. Nxd4 Nf6 5. Nc3 a6 6. h3 e5 7. Nb3 h5 {B90: Sicilian Najdorf: Unusual White 6th moves, 6 Be3 Ng4 and 6 Be3 e5.} (7... Be7 $11) 8. Bg5 $16 Be7 9. Qd2 Be6 {White is slightly better.} 10. O-O-O Nbd7 11. f4 b5 {[#]} 12. f5 $146 ({Predecessor:} 12. Qe3 b4 13. Nd5 Bxd5 14. exd5 Qb6 15. Qxb6 Nxb6 16. fxe5 dxe5 17. d6 Bd8 18. Nc5 {1-0 (30) Liyanage,R (2178)-Cervantes Landeiro,T (2311) Chess.com INT 2020}) 12... Bc4 (12... Bxb3 $5 13. axb3 (13. cxb3 $2 b4 $19) 13... Qa5 $11) 13. Bd3 Rc8 {With the idea ...b4.} 14. Be3 (14. Kb1 $14) 14... h4 15. Kb1 Qc7 16. Rhe1 Rb8 17. Bf2 a5 18. Nc1 Nc5 (18... Kf8 {keeps more tension.} 19. Qe2 Qb7 20. Ka1 Bxd3 21. Nxd3 b4) 19. Bxc4 bxc4 20. Bxc5 Qxc5 21. Nd5 (21. a4 $1 $11 {keeps the balance.}) 21... Nxd5 $40 {[%mdl 128] Black goes for the king.} 22. Qxd5 {[#]} c3 $2 ({Black should play} 22... Qb6 $1 $17 {[%csl Gb8][%cal Rb6b2]} 23. b3 cxb3 24. cxb3 O-O) 23. Qxc5 $2 (23. b3 $14) 23... Rxb2+ ({Worse is} 23... dxc5 24. b3 $14) 24. Ka1 {White wants to mate with Qc8+.} dxc5 25. Ne2 (25. Re3 $17) 25... Rxc2 $19 26. Rc1 Rd2 27. Rxc3 $2 (27. Nxc3 Rxg2 28. Nd5) 27... O-O 28. Ra3 $2 (28. g4) 28... Rfd8 {Black is clearly winning.} 29. Nc3 c4 30. Ra4 Bb4 31. Nd5 R2xd5 32. Rxb4 axb4 33. exd5 Rxd5 {[%mdl 4096] Endgame KR-KR} 34. Rc1 c3 35. Kb1 e4 36. Re1 Rxf5 37. Rxe4 Rf1+ 38. Kc2 Rf2+ {[%mdl 64] [#] Double Attack} 39. Kd3 Rd2+ 40. Ke3 Rxa2 41. Rxb4 Rxg2 42. Rxh4 c2 43. Rc4 Rg3+ 44. Kf4 Rxh3 {( -> ...Rh4+)} 45. Rxc2 Rh5 46. Rc8+ Kh7 47. Rc7 Kg6 48. Ra7 Rh4+ 49. Kg3 Rb4 50. Ra6+ f6 {Weighted Error Value: White=0.55/Black=0.21} 0-1

[Event "2nd Mix Bassano 2021"]
[Site "Bassano del Grappa"]
[Date "2021.03.25"]
[Round "3.1"]
[White "Niemann, Hans Moke"]
[Black "Bernadskiy, Vitaliy"]
[Result "0-1"]
[WhiteElo "2526"]
[BlackElo "2599"]
[Annotator "ChessBase"]
[PlyCount "80"]
[EventDate "2021.03.24"]
[EventType "swiss"]
[EventCountry "ITA"]
[SourceTitle "playchess.com"]
[Source "ChessBase"]
[SourceQuality "1"]
[TimeControl "5400+30"]

1. d4 {[%emt 1:30:30]} Nf6 {[%emt 1:30:30]} 2. c4 {[%emt 0:00:30]} c5 {[%emt 0:00:30]} 3. Nf3 {[%emt 0:00:30]} cxd4 {[%emt 0:00:30]} 4. Nxd4 {[%emt 0:00:30]} b6 {[%emt 0:00:30]} 5. e4 {[%emt 0:00:30]} d6 {[%emt 0:00:30]} 6. Nc3 {[%emt 0:00:30]} Bb7 {[%emt 0:00:30]} 7. f3 {[%emt 0:00:30]} e6 {[%emt 0:00:30]} 8. Be3 {[%emt 0:00:30]} a6 {[%emt 0:00:30]} 9. g4 {[%emt 0:00:30]} Nc6 {[%emt 0:00:30]} 10. Nxc6 {[%emt 0:00:30]} Bxc6 {[%emt 0:00:30]} 11. g5 {[%emt 0:00:30]} Nd7 {[%emt 0:00:30]} 12. h4 {[%emt 0:00:30]} Be7 {[%emt 0:00:30]} 13. Qd4 {[%emt 0:00:30]} O-O {[%emt 0:00:30]} 14. O-O-O {[%emt 0:00:30]} b5 {[%emt 0:00:30]} 15. Kb1 {[%emt 0:00:30]} Ne5 {[%emt 0:00:30]} 16. f4 {[%emt 0:00:30]} b4 {[%emt 0:00:30]} 17. Ne2 {[%emt 0:00:30]} Ng4 {[%emt 0:00:30]} 18. Bh3 {[%emt 0:00:30]} e5 {[%emt 0:00:30]} 19. fxe5 {[%emt 0:00:30]} Nxe5 {[%emt 0:00:30]} 20. Rhf1 {[%emt 0:00:30]} b3 {[%emt 0:00:30]} 21. axb3 {[%emt 0:00:30]} Qb8 {[%emt 0:00:30]} 22. Qc3 {[%emt 0:00:30]} Bxe4+ {[%emt 0:00:30]} 23. Ka1 {[%emt 0:00:30]} d5 {[%emt 0:00:30]} 24. Bf4 {[%emt 0:00:30]} Qb5 {[%emt 0:00:30]} 25. Nc1 {[%emt 0:00:30]} Nc6 {[%emt 0:00:30]} 26. Na2 {[%emt 0:00:30]} Nb4 {[%emt 0:00:30]} 27. Bc7 {[%emt 0:00:30]} Nc2+ {[%emt 0:00:30]} 28. Kb1 {[%emt 0:00:30]} Qb7 {[%emt 0:00:30]} 29. Bf5 {[%emt 0:00:30]} Ne3+ {[%emt 0:00:30]} 30. Bxe4 {[%emt 0:00:30]} Nxd1 {[%emt 0:00:30]} 31. Rxd1 {[%emt 0:00:30]} dxe4 {[%emt 0:00:30]} 32. Ba5 {[%emt 0:00:30]} Rab8 {[%emt 0:00:30]} 33. Kc2 {[%emt 0:00:30]} Rfe8 {[%emt 0:00:30]} 34. Nc1 {[%emt 0:00:30]} e3 {[%emt 0:00:30]} 35. Ne2 {[%emt 0:00:30]} Qe4+ {[%emt 0:00:30]} 36. Qd3 {[%emt 0:00:30]} Qxh4 {[%emt 0:00:30]} 37. Rg1 {[%emt 0:00:30]} Bxg5 {[%emt 0:00:30]} 38. Bc3 {[%emt 0:00:30]} Bf6 {[%emt 0:00:30]} 39. c5 {[%emt 0:00:30]} Rbd8 {[%emt 0:00:30]} 40. Qc4 {[%emt 0:00:30]} Qf2 {[%emt 0:00:30]} 0-1

[Event "2nd Mix Bassano 2021"]
[Site "Bassano del Grappa"]
[Date "2021.03.25"]
[Round "3.2"]
[White "Bellahcene, Bilel"]
[Black "Moroni, Luca Jr"]
[Result "1-0"]
[WhiteElo "2517"]
[BlackElo "2552"]
[Annotator "TA"]
[PlyCount "109"]
[EventDate "2021.03.24"]
[EventType "swiss"]
[EventCountry "ITA"]
[SourceTitle "playchess.com"]
[Source "ChessBase"]
[SourceQuality "1"]

{[%evp 14,109,46,46,72,70,92,77,151,162,129,-13,-18,-37,101,95,83,82,81,79,85,79,96,95,97,77,77,67,65,55,75,57,87,89,99,101,87,96,81,93,116,106,91,106,117,110,93,23,116,113,135,154,141,107,147,135,163,181,246,254,264,267,258,253,260,247,247,253,392,391,440,428,423,400,458,459,529,518,491,329,880,800,2007,1918,1536,1433,29971,29972,29970,29971,29964,6119,29977,29978,29977,29978,29978,29979]} 1. e4 g6 2. d4 Bg7 3. Nc3 d6 4. Be3 Nf6 5. Qd2 O-O 6. O-O-O c6 7. f3 b5 8. h4 h5 {B07: Pirc Defence: Miscellaneous Systems.} 9. Nce2 Nbd7 10. g4 $1 b4 {[#]} (10... hxg4 $142 11. Ng3 gxf3) 11. Ng3 $146 ({Predecessor:} 11. gxh5 Nxh5 {½-½ (11) Veselsky,F-Bembenek,O Czechia 1998}) 11... Qa5 (11... hxg4 $6 12. h5 $14) 12. gxh5 ({Better is} 12. Kb1 $1 $16) 12... Qxa2 $11 {[%cal Ra2a1]} 13. Qxb4 {Hoping for Bc4.} Rb8 (13... Nxh5 $6 14. Bc4 $1 $16) (13... c5 $1 $15 {stays ahead.} 14. Qa3 Qxa3 15. bxa3 cxd4 16. Bxd4 Bh6+ 17. Kb2 Nxh5 18. Nxh5 gxh5) 14. Qa3 $16 Qxa3 15. bxa3 Nxh5 16. Nxh5 gxh5 17. Nh3 f6 18. Nf4 Bh6 {[#]} 19. Nd5 $1 Bxe3+ 20. Nxe3 Nb6 21. Be2 Kh7 22. Rhg1 Bd7 23. f4 Kh6 24. Rg3 {Black must now prevent Rdg1.} Rg8 {[#]} 25. Rdg1 Rxg3 26. Rxg3 Na4 27. e5 dxe5 28. fxe5 Nc3 29. Bd3 {Threatens to win with e6!} f5 30. Rg5 (30. Nxf5+ $2 Bxf5 31. Kd2 Ne4+ 32. Bxe4 Bxe4 $19) ({White should play} 30. Kd2 $16 Ne4+ 31. Bxe4 fxe4 32. Rg5) 30... Rb1+ (30... e6 $11) 31. Kd2 Ne4+ 32. Bxe4 fxe4 {[%mdl 4096] Endgame KRB-KRN} 33. e6 Bxe6 34. Re5 Bh3 35. Rxe7 a5 {[#]} (35... Rh1 {was necessary.} 36. Rc7 (36. Rxa7 Bg4 $16) (36. Rxe4 Kg6 $16) 36... Rh2+ 37. Kc3 Re2) 36. Rc7 $1 $18 ({But not} 36. Rxe4 $6 Rh1) 36... Ra1 37. Rxc6+ Kg7 38. Rc7+ Kf8 39. Rc5 Rxa3 40. Rxh5 Ra4 (40... Ra1 $142 41. Rh7 a4) 41. d5 Ke7 42. Rh6 Ra1 43. Ra6 Bd7 44. h5 a4 45. h6 Rh1 46. Kc3 Bb5 $2 (46... Kd8 47. Kd4 Kc8) 47. Nf5+ Kd8 48. Ra8+ Kc7 49. h7 Bd7 {[#]} 50. h8=Q $1 Rxh8 51. Rxh8 Bxf5 52. Rh5 (52. Rf8 $142 Bh3 53. Kd4 Bc8 54. Kxe4 Bg4 55. c4 Kb7 56. Kd4 Ka7 57. c5) 52... Bg6 53. Rg5 {White mates.} Be8 54. Kd4 a3 55. Rg3 {Weighted Error Value: White=0.12/Black=0.59} 1-0

[Event "2nd Mix Bassano 2021"]
[Site "Bassano del Grappa"]
[Date "2021.03.25"]
[Round "3.3"]
[White "Checa, Nicolas"]
[Black "Sonis, Francesco"]
[Result "0-1"]
[WhiteElo "2546"]
[BlackElo "2477"]
[Annotator "ChessBase"]
[PlyCount "94"]
[EventDate "2021.03.24"]
[EventType "swiss"]
[EventCountry "ITA"]
[SourceTitle "playchess.com"]
[Source "ChessBase"]
[SourceQuality "1"]
[TimeControl "5400+30"]

1. d4 {[%emt 0:06:30]} Nf6 {[%emt 0:00:00]} 2. c4 {[%emt 0:00:17]} e6 {[%emt 0:00:00]} 3. Nf3 {[%emt 0:00:07]} b6 {[%emt 0:00:00]} 4. g3 {[%emt 0:00:09]} Ba6 {[%emt 0:00:00]} 5. Qc2 {[%emt 0:02:05]} d5 {[%emt 0:01:46]} 6. cxd5 {[%emt 0:04:10]} exd5 {[%emt 0:00:57]} 7. Bg2 {[%emt 0:00:15]} Be7 {[%emt 0:04:45]} 8. O-O {[%emt 0:02:14]} O-O {[%emt 0:00:04]} 9. Nc3 {[%emt 0:00:12]} Bb7 {[%emt 0:00:32]} 10. Ne5 {[%emt 0:07:03]} Na6 {[%emt 0:02:13]} 11. Bf4 {[%emt 0:02:54]} c5 {[%emt 0:05:29]} 12. Rad1 {[%emt 0:06:27]} Qc8 {[%emt 0:20:51]} 13. dxc5 {[%emt 0:10:05]} bxc5 {[%emt 0:00:42]} 14. a3 {[%emt 0:02:13]} Rd8 {[%emt 0:06:41]} 15. Bg5 {[%emt 0:16:28]} Nc7 {[%emt 0:15:18]} 16. Qb3 {[%emt 0:01:25]} Rb8 {[%emt 0:00:36]} 17. Qa2 {[%emt 0:00:07]} Qe6 {[%emt 0:01:00]} 18. Bxf6 {[%emt 0:08:24]} gxf6 {[%emt 0:01:38]} 19. Nd3 {[%emt 0:07:58]} d4 {[%emt 0:00:34]} 20. Qxe6 {[%emt 0:00:53]} fxe6 {[%emt 0:01:13]} 21. Na4 {[%emt 0:01:10]} c4 {[%emt 0:04:55]} 22. Bxb7 {[%emt 0:00:48]} Rxb7 {[%emt 0:00:05]} 23. Ne1 {[%emt 0:00:19]} Nb5 {[%emt 0:01:44]} 24. Nf3 {[%emt 0:03:46]} Rc7 {[%emt 0:01:03]} 25. e3 {[%emt 0:01:48]} e5 {[%emt 0:00:04]} 26. exd4 {[%emt 0:00:18]} exd4 {[%emt 0:00:04]} 27. Rfe1 {[%emt 0:00:41]} Kf7 {[%emt 0:00:47]} 28. Re2 {[%emt 0:03:12]} Rd6 {[%emt 0:01:37]} 29. Re4 {[%emt 0:02:52]} Ra6 {[%emt 0:01:28]} 30. Nxd4 {[%emt 0:00:08]} Nxd4 {[%emt 0:00:10]} 31. Nc3 {[%emt 0:03:06]} Nf3+ {[%emt 0:02:21]} 32. Kg2 {[%emt 0:00:17]} Ne5 {[%emt 0:01:53]} 33. Rh4 {[%emt 0:00:41]} Kg7 {[%emt 0:01:08]} 34. Re4 {[%emt 0:02:18]} Rb7 {[%emt 0:01:32]} 35. Rd2 {[%emt 0:00:14]} Rd6 {[%emt 0:00:30]} 36. Rde2 {[%emt 0:00:18]} Rdd7 {[%emt 0:00:19]} 37. Na4 {[%emt 0:01:07]} Rbc7 {[%emt 0:01:15]} 38. Rc2 {[%emt 0:00:52]} Rd3 {[%emt 0:02:06]} 39. f4 {[%emt 0:01:43]} Ng4 {[%emt 0:00:18]} 40. Rce2 {[%emt 0:00:08]} Kf7 {[%emt 0:01:26]} 41. h3 {[%emt 0:00:19]} f5 {[%emt 0:01:16]} 42. Re6 {[%emt 0:00:24]} Nf6 {[%emt 0:00:08]} 43. R6e5 {[%emt 0:00:21]} Rd5 {[%emt 0:00:32]} 44. Nc3 {[%emt 0:00:05]} Rxe5 {[%emt 0:00:51]} 45. fxe5 {[%emt 0:00:15]} Ne4 {[%emt 0:00:08]} 46. Nxe4 {[%emt 0:00:04]} fxe4 {[%emt 0:00:03]} 47. Rxe4 {[%emt 0:00:10]} Ke6 {[%emt 0:00:04]} 0-1

[Event "2nd Mix Bassano 2021"]
[Site "Bassano del Grappa"]
[Date "2021.03.25"]
[Round "3.4"]
[White "Shetty, Atulya"]
[Black "Di Benedetto, Edoardo"]
[Result "*"]
[WhiteElo "2447"]
[BlackElo "2400"]
[Annotator "TA"]
[PlyCount "37"]
[EventDate "2021.03.24"]
[EventType "swiss"]
[EventCountry "ITA"]
[SourceTitle "playchess.com"]
[Source "ChessBase"]
[SourceQuality "1"]

{[%evp 20,22,0,-6,0]} 1. c4 e6 2. g3 d5 3. Bg2 Nf6 4. Nf3 Be7 5. O-O O-O 6. b3 d4 7. e3 c5 8. Bb2 Nc6 9. exd4 cxd4 10. Re1 Re8 11. d3 Bc5 {[#] An uneventful encounter. A14: English Opening: 1...e6 with b3 by White.} {Predecessor:} 12. Ne5 $146 Nxe5 13. Rxe5 Qd6 14. Qe1 a5 15. Nd2 Ra7 16. a3 b6 17. h3 Bb7 18. Nf3 Ba8 19. Bc1 {½-½ (38) Almasi,Z (2682)-Navara,D (2733) Germany 2018} *

[Event "2nd Mix Bassano 2021"]
[Site "Bassano del Grappa"]
[Date "2021.03.25"]
[Round "3.5"]
[White "Formento, Paolo"]
[Black "Schreiner, Peter"]
[Result "1/2-1/2"]
[WhiteElo "2329"]
[BlackElo "2445"]
[Annotator "NA"]
[PlyCount "58"]
[EventDate "2021.03.24"]
[EventType "swiss"]
[EventCountry "ITA"]
[SourceTitle "playchess.com"]
[Source "ChessBase"]
[SourceQuality "1"]
[TimeControl "5400+30"]

1. c4 {[%emt 0:12:38]} e5 {[%emt 0:01:25]} 2. Nc3 {[%emt 0:00:10]} Nc6 {[%emt 0:00:20]} 3. g3 {[%emt 0:00:29]} f5 {[%emt 0:00:28]} 4. Bg2 {[%emt 0:01:01]} Nf6 {[%emt 0:00:19]} 5. d3 {[%emt 0:01:40]} Bb4 {[%emt 0:00:35]} 6. Bd2 {[%emt 0:05:30]} O-O {[%emt 0:03:03]} 7. a3 {[%emt 0:02:28]} Bxc3 {[%emt 0:03:32]} 8. Bxc3 {[%emt 0:00:02]} d6 {[%emt 0:09:20]} 9. b4 {[%emt 0:03:30]} Qe8 {[%emt 0:14:22]} 10. Nf3 {[%emt 0:19:59]} h6 {[%emt 0:16:35]} 11. Nd2 $11 {[%emt 0:12:47]} Nd8 {[%emt 0:12:58]} 12. e3 {[%emt 0:04:47]} f4 {[%emt 0:10:17]} 13. O-O {[%emt 0:07:57]} Bg4 {[%emt 0:07:51]} 14. Qc2 {[%emt 0:00:23]} Qh5 {[%emt 0:03:07]} 15. exf4 {[%emt 0:01:19]} exf4 {[%emt 0:00:33]} 16. f3 {[%emt 0:03:18]} Bd7 {[%emt 0:02:57]} 17. g4 {[%emt 0:05:50]} Qg5 {[%emt 0:02:00]} 18. Rae1 {[%emt 0:01:23]} Nf7 {[%emt 0:03:23]} 19. Qb2 {[%emt 0:07:15]} Rae8 {[%emt 0:02:17]} 20. Bxf6 {[%emt 0:02:09]} Qxf6 {[%emt 0:00:07]} 21. Qxf6 {[%emt 0:00:06]} gxf6 {[%emt 0:00:04]} 22. Ne4 {[%emt 0:05:01]} Ne5 {[%emt 0:01:44]} 23. Rd1 {[%emt 0:00:15]} f5 {[%emt 0:00:36]} 24. gxf5 {[%emt 0:00:05]} Bxf5 {[%emt 0:00:12]} 25. Rfe1 {[%emt 0:01:04]} Kf7 {[%emt 0:02:41]} 26. Kf2 {[%emt 0:00:11]} Rg8 {[%emt 0:00:38]} 27. Bf1 {[%emt 0:00:39]} Ng6 {[%emt 0:01:01]} 28. Nc3 {[%emt 0:01:08]} c6 {[%emt 0:00:27]} 29. d4 {[%emt 0:00:19]} Nh4 {[%emt 0:00:46]} 1/2-1/2

[Event "2nd Mix Bassano 2021"]
[Site "Bassano del Grappa"]
[Date "2021.03.25"]
[Round "3.6"]
[White "Peralta, Fernando"]
[Black "Kuhn, Clement"]
[Result "1-0"]
[WhiteElo "2561"]
[BlackElo "2278"]
[Annotator "TA"]
[PlyCount "121"]
[EventDate "2021.03.24"]
[EventType "swiss"]
[EventCountry "ITA"]
[SourceTitle "playchess.com"]
[Source "ChessBase"]
[SourceQuality "1"]

{[%evp 18,121,10,-8,15,12,39,29,52,40,40,33,59,33,49,42,58,47,51,52,48,49,46,46,121,123,160,150,173,160,172,179,155,155,172,137,143,118,125,92,239,121,193,185,164,147,216,209,250,189,331,320,305,291,423,427,416,411,514,380,356,327,398,331,280,132,333,320,311,275,218,0,497,270,269,263,244,226,1556,0,1345,1302,5539,5506,5181,3665,5385,3822,6331,6307,6199,6079,5265,2873,29991,29992,29992,29993,29993,0,29990,29977,29990,29982,29997,739]} 1. d4 Nf6 2. c4 e6 3. Nc3 Bb4 4. e3 c5 5. Bd3 Nc6 6. Nf3 d6 7. O-O O-O 8. Qc2 Bxc3 9. bxc3 e5 10. d5 Na5 {E41: Nimzo-Indian: Rubinstein: 4...c5 5 Bd3, including Hübner Variation.} 11. Nd2 {[#]} a6 $146 ({Predecessor:} 11... b6 12. Nb3 Ba6 13. Nxa5 bxa5 14. e4 Nd7 15. Qa4 Nb6 16. Qxa5 Bxc4 17. Bxc4 Nxc4 {½-½ (44) Silva,D-Acosta Pedroso,G (2129) Matanzas 2007}) 12. e4 Re8 {White has an edge.} 13. Re1 Bd7 14. a4 Qc7 15. Be2 Reb8 16. Rb1 Qd8 17. Nf1 Qe8 18. Ra1 Qd8 19. Bg5 h6 20. Bh4 b5 (20... g5 $14 21. Bg3 h5) 21. cxb5 $16 axb5 22. Bxb5 Bxb5 23. axb5 Rxb5 24. Ne3 $1 g5 25. Bg3 Rab8 26. Ra2 c4 27. Nf5 Kh7 28. h3 Kg6 (28... Nh5 $16) 29. Kh2 (29. f4 $18 gxf4 30. Bh4) 29... Qd7 (29... Nh5 $16 {keeps fighting.}) 30. f3 $18 Nh5 31. Qe2 Qc7 (31... Qd8 $16 32. f4 Nxf4 33. Bxf4 exf4) 32. Rea1 Ra8 33. Ra4 Qb6 (33... Rab8 {might work better.} 34. R1a2 Rd8) 34. Qa2 Nxg3 35. Nxg3 Ra6 (35... Rb2 $142) 36. Qe2 Rb2 37. Qe1 h5 38. Nf5 h4 39. Qg1 Qb3 40. R4a3 (40. Rxa5 Rxa5 41. Rxa5 Rb1 $11) 40... Qc2 41. Ne3 (41. Rxa5 Rxa5 42. Rxa5 Rb1 $11) (41. Qf1 $1 $18 {is the precise move to win.}) 41... Qe2 $2 (41... Qd3 $16 {is a better defense.} 42. Nf5 (42. Rxa5 Rxa5 43. Rxa5 Rb1 $11) 42... Qc2) 42. Rxa5 Rxa5 43. Rxa5 Qxf3 {next ...Rf2 is good for Black.} 44. Ra6 $2 (44. Nxc4 Rf2 $11) (44. Nf5 $1 $18) 44... Re2 $2 {[%mdl 8192]} (44... Qf4+ $1 $11 {and Black is okay.} 45. Kh1 Qxe4) 45. Rxd6+ (45. Nf5 $142 f6 46. Kh1 (46. Rxd6 Qf4+ 47. Kh1 Qxe4 $15) (46. Nxd6 $2 Qg3+ 47. Kh1 Re1 $19) 46... Qxc3 47. Ra1 (47. Rxd6 $2 Re1 $19) 47... Rxe4 48. Ne7+ Kf7 49. Qb1 $1 Qe1+ 50. Qxe1 Rxe1+ 51. Rxe1 Kxe7 52. Rc1) 45... Kh7 {Threatens to win with ...Qg3+.} 46. Nf5 ({Don't blunder} 46. Nxc4 $2 Qg3+ 47. Kh1 Re1 $19) 46... Qf4+ 47. Kh1 Rf2 $2 {[#]} (47... Qxe4 48. Rh6+ Kg8) 48. Rh6+ $1 Kg8 {[#] intending ...Rf1.} 49. Rf6 $1 Kf8 {[#]} 50. Nh6 $1 {[%mdl 512]} Qxf6 {[%mdl 4096] Endgame KQR-KQN} 51. Ng4 $1 {[%csl LRf2,LRf6][%mdl 64] Double Attack} Qf4 52. Qxf2 Qc1+ 53. Kh2 Qxc3 54. Qc5+ Kg7 55. Qe3 Qd4 56. Qxg5+ {[%mdl 64] Double Attack} Kf8 57. Qd8+ Kg7 58. Qg5+ Kf8 59. Qxe5 {White mates.} Qd3 60. d6 {[%cal Re5h8]} f6 61. Qe7+ {Weighted Error Value: White=0.29/Black=0.48} 1-0